000 01255cam a2200337 i 4500
001 56631
003 Mx-PuUPA
005 20250312153208.0
008 140415s1984 mx gr 001 0 spa d
040 _cMx-PuUPA
_aMx-PuUPA
_bspa
_dMx-PuUPA
_erda
041 1 _aspa
_hund
100 1 _aKrims, Adalbert,
_916703
_eautor
245 1 0 _aWojtyla :
_bprograma y política del papa /
_cAdalbert Krims, autor ; María Isabel Escudero, traductor
264 1 _aMéxico, D. F. :
_bSociedad cooperativa Publicaciones Mexicanas,
_c[1984?]
300 _a221 páginas ;
_c20 cm +
_e1 hoja sin numerar
336 _2rdacontent
_atexto
_btxt
337 _2rdamedia
_asin medio
_bn
338 _2rdacarrier
_avolumen
_bnc
490 0 _aEl día
_v10
600 0 4 _aJuan Pablo II
_cPapa
_xProgramas
_y1920-2005
650 7 _2armarc
_913986
_aIglesia Católica
_xEvangelización
650 7 _2armarc
_aIglesia Católica
_xPapa (1978: Juan Pablo II)
650 7 _2armarc
_aPastoral
650 7 _2armarc
_aReligión
700 1 _aEscudero, María Isabel,
_etraductor
942 _2ddc
_cLI
_h266.2092
_iK9218
999 _c56631
_d56631